00718cam a22002054a 4500020002800000082001800028245013200046260004800178300003400226504006600260650003400326650002200360650002700382650002600409650002100435700002200456700002800478710000300506710000300509 a1844070867 (alk. paper)00a307.1412/095100aCommunity participation in China :bissues and processes for capacity building /cedited by Janelle Plummer and John G. Taylor. aLondon ;aSterling, VA :bEarthscan,c2004. axxv, 358 p. :bill. ;c24 cm. aIncludes bibliographical references (p. [345]-349) and index. 0aEconomic development projects 0aRural development 0aCommunity organization 0aCommunity development 0aLocal government1 aPlummer, Janelle.1 aTaylor, John G.,d1947-1 2